London to lead way in design and architecture (Record no. 77270)
[ view plain ]
| 000 -LEADER | |
|---|---|
| fixed length control field | 01146cab a2200205 4500 |
| 001 - CONTROL NUMBER | |
| control field | ##L133940 |
| 008 - FIXED-LENGTH DATA ELEMENTS--GENERAL INFORMATION | |
| fixed length control field | 060622n2006 000 0 eng u |
| 035 ## - SYSTEM CONTROL NUMBER | |
| System control number | (Sirsi) u133940 |
| 041 0# - LANGUAGE CODE | |
| Language code of text/sound track or separate title | eng |
| 110 1# - MAIN ENTRY--CORPORATE NAME | |
| Corporate name or jurisdiction name as entry element | London |
| Subordinate unit | Greater London Authority |
| 9 (RLIN) | 3989 |
| 245 00 - TITLE STATEMENT | |
| Title | London to lead way in design and architecture |
| 260 ## - PUBLICATION, DISTRIBUTION, ETC. | |
| Date of publication, distribution, etc. | 2006 |
| 490 #0 - SERIES STATEMENT | |
| Series statement | GLA Press Release |
| Volume/sequential designation | (321) 20 June 2006 |
| 520 ## - SUMMARY, ETC. | |
| Summary, etc. | The Mayor of London has announced plans for the establishment of Design for London, a new architecture and urban design unit to support the delivery of world-class architecture and sustainable design for London's built environment. The new unit will work closely with the urban design staff of Transport for London, and be supported by another new unit, the Design for London Advisory Group, which will include leading experts from the architectural and sustainable design world |
| 590 ## - LOCAL NOTE (RLIN) | |
| Local note | IKA040706 |
| 651 #4 - SUBJECT ADDED ENTRY--GEOGRAPHIC NAME | |
| Geographic name | LONDON |
| 690 ## - LOCAL SUBJECT ADDED ENTRY--TOPICAL TERM (OCLC, RLIN) | |
| Topical term or geographic name as entry element | BUILT ENVIRONMENT-CONSTRUCTION DESIGN-ARCHITECTURAL DESIGN |
| 856 41 - ELECTRONIC LOCATION AND ACCESS | |
| Uniform Resource Identifier | <a href="https://www.london.gov.uk/view_press_release.jsp?releaseid=8392">https://www.london.gov.uk/view_press_release.jsp?releaseid=8392</a> |
| Public note | View the item free of charge at www.london.gov.uk/... |
| 942 ## - ADDED ENTRY ELEMENTS (KOHA) | |
| Suppress in OPAC | 0 |
| Withdrawn status | Lost status | Source of classification or shelving scheme | Damaged status | Not for loan | Home library | Current library | Shelving location | Date acquired | Total Checkouts | Full call number | Barcode | Date last seen | Copy number | Price effective from | Koha item type |
|---|---|---|---|---|---|---|---|---|---|---|---|---|---|---|---|
| Dewey Decimal Classification | Virtual | Virtual | Online | 22/06/2006 | ONLINE PUBLICATION | 133940-1001 | 06/08/2019 | 1 | 06/08/2019 | Journal article |